000 01755nam0a22003371 4500
001 rc\3306896
005 20250609230252.0
021 _aRU
_b[72-19955]
035 _a(NLR Aleph) 007543192
090 _a9774467
_c9774467
100 _a20130115d1972 |||y0rusy50 ca
101 0 _arus
102 _aRU
105 _aa z |||||
200 1 _aПрактикум по кормлению сельскохозяйственных животных
_e[Для зоотехн. фак. с.-х. и зоовет. вузов]
210 _aЛенинград
_cКолос. [Ленингр. отд-ние]
_d1972
215 _a352 с.
_cил.
_d21
225 1 _aУчебники и учебные пособия для высших сельскохозяйственных учебных заведений
300 _aПеред загл. авт.: проф. А.П. Дмитроченко, проф. В.М. Крылов, доц. А.В. Тоичкина
300 _aВ вып. дан. 3-й авт.: Тоичкина Алла Васильевна
606 _aСельскохозяйственные животные
_xКормление
_jПрактические работы учащихся
_2psbo
700 1 _aДмитроченко
_bА.П.
_gАлександр Петрович
701 1 _aКрылов
_bВ. М.
_cд-р с.-х. наук, животноводство
_f1925-
_gВладимир Михайлович
_9222520
_3RU\NLR\AUTH\770222576
701 1 _6z01790
_aТоичкина
_bА.В.
_gАлевтина Васильевна
790 1 _6z01701
_aТоичкина
_bА.В.
_gАлла Васильевна
801 0 _aRU
_bNLR
_gpsbo
801 1 _aRU
_bELAR
_2rusmarc
852 _aNLR
_j72-3/3068
942 _cBOOK
980 _aNB